[Event "LAT-ch"]
[Site "Riga"]
[Date "1993.??.??"]
[Round "?"]
[White "Zhuravliov, Valerij"]
[Black "Lanka, Zigurds"]
[Result "1/2-1/2"]
[WhiteElo "2485"]
[BlackElo "2545"]

1.e4 c5 2.c3 Nf6 3.e5 Nd5 4.d4 cxd4 5.Nf3 Nc6 6.cxd4 d6 7.Bc4 Nb6 8.Bb5 dxe5
9.Nxe5 Bd7 10.Nc3 Nxe5 11.dxe5 Bxb5 12.Nxb5 Qxd1+ 13.Kxd1 Nd5 14.Bd2 a6 15.Nc3 Nb4
16.Ke2 e6 17.Rhd1 Nc6 18.f4 Be7 19.Be3 O-O 20.Rd7 f6 21.exf6 Bxf6 22.Ne4 Rf7
23.Rad1 Raf8 24.b3 e5 25.Rxf7 Rxf7 26.f5 h5 27.h3 Be7 28.g4 hxg4 29.hxg4 Kf8
30.Rd7 Bb4 31.Bc5+ Bxc5 32.Rxf7+ Kxf7 33.Nxc5 Nb4 34.a4 b5 35.g5 bxa4 36.bxa4 Ke7
37.Nd3 Nd5 38.Nxe5  1/2-1/2

[Event "LAT-ch"]
[Site "Riga"]
[Date "1993.??.??"]
[Round "?"]
[White "Sokolovs, Andrei"]
[Black "Krakops, Maris"]
[Result "1-0"]
[WhiteElo "2480"]
[BlackElo "2295"]

1.e4 c5 2.c3 Nf6 3.e5 Nd5 4.g3 Nc6 5.Bg2 e6 6.Nf3 Qc7 7.Qe2 d6 8.exd6 Bxd6
9.Na3 Be7 10.O-O O-O 11.d3 Bf6 12.Nc4 b6 13.a4 Bb7 14.Ng5 Rad8 15.Ne4 Be7
16.f4 Rfe8 17.Bd2 Bf8 18.Rae1 f6 19.g4 Kh8 20.Ng3 Qf7 21.Be4 Qd7 22.Qg2 Qf7
23.f5 e5 24.g5 Nf4 25.Bxf4 exf4 26.g6 Qc7 27.Nh5 Na5 28.Nxa5 Bxe4 29.dxe4 bxa5
30.Nxf4 Qc6 31.gxh7 Kxh7 32.Ne6 Rd3 33.Rf4 c4 34.Kh1 Kg8 35.Rg1 Rxe6 36.fxe6 Qxe6
37.Qg6 Qc6 38.Rxf6 Qb7 39.Rgf1 Rd8 40.Rxf8+ Rxf8 41.Qe6+  1-0

[Event "Santiago"]
[Site "Santiago de Chile"]
[Date "1993.??.??"]
[Round "?"]
[White "Zapata, Marco"]
[Black "Silva, Sebastain"]
[Result "1/2-1/2"]
[WhiteElo "2230"]
[BlackElo "2350"]

1.e4 c5 2.c3 Nf6 3.e5 Nd5 4.Nf3 Nc6 5.d4 cxd4 6.Bc4 e6 7.cxd4 d6 8.O-O Be7
9.Qe2 O-O 10.Rd1 a6 11.Nc3 Nxc3 12.bxc3 b5 13.Bd3 Bb7 14.Qe4 g6 15.Bh6 Na5
16.Qf4 Bxf3 17.Qxf3 Re8 18.a4 Nc4 19.axb5 axb5 20.exd6 Nxd6  1/2-1/2

[Event "NWC April"]
[Site "Seattle"]
[Date "1993.??.??"]
[Round "?"]
[White "Orlov, Georgi"]
[Black "Russell, Corey"]
[Result "1-0"]
[WhiteElo "2495"]
[BlackElo "2285"]

1.e4 c5 2.c3 Nf6 3.e5 Nd5 4.d4 cxd4 5.Nf3 Nc6 6.Bc4 Nb6 7.Bb3 d5 8.exd6 Qxd6
9.O-O Bf5 10.Nxd4 Nxd4 11.cxd4 e6 12.Qf3 Qxd4 13.Nc3 Bb4 14.Qxb7 O-O 15.Be3 Qe5
16.Rfe1 Bxc3 17.Bd2 Qb8 18.Qxb8 Rfxb8 19.Bxc3 a5 20.a4 Nd7 21.Bd1 Nc5 22.Bf3 Ra6
23.Re5 Nd3 24.Rb5 Rab6 25.h4 f6 26.h5 Rxb5 27.axb5 Nc5 28.Rxa5 Bd3 29.b6 Nb3
30.Ra8 Rxa8 31.Bxa8 Nc5 32.Bd4 Na6 33.Bf3 e5 34.Be3 Kf7 35.b7 e4 36.Bg4 g6
37.hxg6+ hxg6 38.Bf4 f5 39.Bd1 Kf6 40.b8=Q Nxb8 41.Bxb8 g5 42.g3 Ke6 43.Bb3+ Kd7
44.Bd5 g4 45.b3  1-0

[Event "Seefeld op"]
[Site "Seefeld"]
[Date "1993.??.??"]
[Round "2"]
[White "Hengl, Christian"]
[Black "Tschirky, Werner"]
[Result "1/2-1/2"]
[WhiteElo "1880"]
[BlackElo "1635"]

1.e4 c5 2.c3 Nf6 3.e5 Nd5 4.d4 cxd4 5.Nf3 Nc6 6.cxd4 d6 7.Bc4 Nb6 8.Bb5 Bd7
9.exd6 exd6 10.O-O Be7 11.Re1 O-O 12.Nc3 a6 13.Bd3 d5 14.Bb1 Bf6 15.Ne5 Nxe5
16.dxe5 Be7 17.Nxd5 Nxd5 18.Qxd5 Qc7 19.Bd2 Bc6 20.Qd3 g6 21.Bc3 Rad8 22.Qh3 Rfe8
23.Bd3 Bf8 24.Rad1 Bd7 25.Qg3 Be6 26.Bb1 Rd7 27.Rxd7 Qxd7 28.h4 h5 29.Qe3 Qc7
30.b4 Rc8 31.Bd2 Qd7 32.a3 b5 33.Rc1 Rd8 34.Bc3 Rc8 35.Be4 Be7 36.g3 Kh7
37.Qf3 Bf8 38.Qxh5+ Kg7 39.Qf3 Be7 40.Rd1 Qc7 41.Bb2 Qb6 42.Bd4 Qc7 43.Bb2 Qb6
44.Rd6 Bxd6 45.exd6+ Kf8 46.Be5 Ke8 47.Qf6 Qd8 48.Qg7 Rc4 49.Bb7 Qb6 50.Bf3 Rc2
51.Bd4 Qxd6 52.Bc5 Rxc5 53.bxc5 Qxc5 54.Qb2 a5  1/2-1/2

[Event "Seefeld op"]
[Site "Seefeld"]
[Date "1993.??.??"]
[Round "2"]
[White "Hoellrigl, Wilfried"]
[Black "Tobor, Detlef"]
[Result "0-1"]
[WhiteElo "2250"]
[BlackElo "2000"]

1.e4 c5 2.c3 Nf6 3.e5 Nd5 4.Nf3 e6 5.d4 cxd4 6.cxd4 Nc6 7.Bc4 Nb6 8.Bb3 d6
9.Qe2 dxe5 10.dxe5 Bb4+ 11.Nc3 O-O 12.O-O Bd7 13.Bg5 Nd4 14.Nxd4 Qxg5 15.f4 Qe7
16.Ne4 Bc5 17.Rad1 Rad8 18.Kh1 Bxd4 19.Rxd4 Bb5 20.Qxb5 Rxd4 21.Nd6 Rd2 22.f5 exf5
23.Rxf5 Kh8 24.Qf1 f6 25.Ne4 Rxb2 26.h3 Nd7 27.Qa1 Re2 28.Qd4 Nxe5 29.Ng3 Nc6
30.Qg4 Re1+ 31.Kh2 Re5 32.Rf4 Rg5 33.Qh4 Ne5 34.Nf5 Qc7 35.g3 Ng6 36.Rc4 Nxh4
37.Rxc7 Rxf5 38.gxh4 Rb8 39.Kg3 a5 40.Kg4 Re5 41.h5 b5 42.Bc2 Rg5+ 43.Kh4 Rg2
44.Bb3 a4 45.Bd5 Rd2 46.Be6 b4 47.Ra7 b3  0-1

[Event "Seefeld op"]
[Site "Seefeld"]
[Date "1993.??.??"]
[Round "4"]
[White "Dittmar, Peter"]
[Black "Lawitsch, Guenther"]
[Result "0-1"]
[WhiteElo "2270"]
[BlackElo "2150"]

1.e4 c5 2.c3 Nf6 3.e5 Nd5 4.g3 d6 5.exd6 Qxd6 6.Bg2 Nc6 7.Ne2 Bg4 8.h3 Bh5
9.O-O Nc7 10.Na3 O-O-O 11.g4 Bg6 12.d4 e5 13.Qa4 cxd4 14.cxd4 Nxd4 15.Nxd4 Qxd4
16.b4 Qxb4 17.Qxa7 Bc5 18.Bd2 Rxd2 19.Bxb7+ Kd7 20.Bc6+ Kxc6 21.Rac1 Ra8  0-1

[Event "Seefeld op"]
[Site "Seefeld"]
[Date "1993.??.??"]
[Round "8"]
[White "Tobor, Detlef"]
[Black "Lawitsch, Guenther"]
[Result "0-1"]
[WhiteElo "2000"]
[BlackElo "2150"]

1.e4 c5 2.c3 Nf6 3.e5 Nd5 4.d4 cxd4 5.Qxd4 e6 6.Bc4 Nc6 7.Qe4 Be7 8.Bxd5 exd5
9.Qxd5 O-O 10.Nf3 d6 11.Bf4 dxe5 12.Qxd8 Bxd8 13.Be3 Be7 14.Nbd2 Be6 15.O-O Rad8
16.b4 a6 17.a4 f6 18.b5 Nb8 19.c4 Rc8 20.Rfc1 Nd7 21.Ne1 Rc7 22.Nd3 Rfc8
23.Rc3 f5 24.f3 e4 25.Nf4 Bf7 26.Bd4 Bb4 27.Rc2 exf3 28.Nxf3 Rxc4 29.Rxc4 Rxc4
30.bxa6 bxa6 31.Rd1 h6 32.Be3 Rc7 33.Nd5 Bxd5 34.Rxd5 Nf6 35.Rxf5 Ng4 36.Bf4 Rd7
37.Kf1 g6 38.Re5 Nxe5 39.Bxe5 Rd1+ 40.Ke2 Rd5 41.Ke3 Ra5 42.Ke4 Rxa4 43.Kd5 Kf7
44.Bd4 Ra5+ 45.Ke4 Bd6 46.h3 Ra2 47.g4 a5 48.g5 h5 49.Kd5 Bb8 50.Bc3 a4 51.Nd4 Rh2
52.Nc6 Bc7 53.Bf6 Rxh3 54.Nd4 Rd3 55.Ke4 Rxd4+ 56.Bxd4 Ke6 57.Bc3 h4 58.Bb2 h3
59.Kf3 Kd5 60.Kf2 Bd6 61.Kg1 Ke4 62.Kh1 Kd3 63.Ba1 a3 64.Kg1 Bc5+  0-1

[Event "Hospitalet op"]
[Site "Sitges"]
[Date "1993.??.??"]
[Round "6"]
[White "Arbouche, Muhamed"]
[Black "Spassov, Liuben"]
[Result "1/2-1/2"]
[WhiteElo "2260"]
[BlackElo "2435"]

1.e4 c5 2.c3 Nf6 3.e5 Nd5 4.g3 d6 5.exd6 e6 6.Bg2 Bxd6 7.Nf3 O-O 8.O-O Nc6
9.d4 cxd4 10.Nxd4 Nde7 11.Nxc6 Nxc6 12.Nd2 Qe7 13.Ne4 Bc7 14.Bg5 f6 15.Be3 Rd8
16.Qe2 e5 17.Rfd1 Bf5 18.Nc5 Bc8 19.Qc4+ Kh8 20.Nxb7  1/2-1/2

[Event "SLO-ch"]
[Site "?"]
[Date "1993.??.??"]
[Round "?"]
[White "Sermek, Drazen"]
[Black "Orel, Oskar"]
[Result "1-0"]
[WhiteElo "2460"]
[BlackElo "2335"]

1.e4 c5 2.c3 Nf6 3.e5 Nd5 4.d4 cxd4 5.Nf3 Nc6 6.Bc4 Nb6 7.Bb3 d5 8.exd6 Qxd6
9.Na3 a6 10.O-O e6 11.Nxd4 Nxd4 12.cxd4 Be7 13.Qf3 O-O 14.Nc2 a5 15.a3 Qc6
16.Qe2 Bf6 17.Rd1 Bd7 18.a4 Nd5 19.Ne3 Nf4 20.Qf1 Qb6 21.Bc4 Rfd8 22.Ng4 Nd5
23.Qd3 Be8 24.Nxf6+ Nxf6 25.Bg5 Bc6 26.Bxf6 gxf6 27.Qg3+ Kf8 28.Qh4 Bd5 29.Bxd5 Rxd5
30.Qxf6 Rad8 31.Rac1 Rxd4 32.Re1 Rd2 33.h4 Qxb2 34.Rc3 Qb6 35.Rf3 R8d7 36.Rxe6 Qd4
37.Qh6+ Qg7  1-0

[Event "SLO-ch"]
[Site "?"]
[Date "1993.??.??"]
[Round "?"]
[White "Sermek, Drazen"]
[Black "Osterman, Rudolf"]
[Result "1-0"]
[WhiteElo "2470"]
[BlackElo "2415"]

1.e4 c5 2.c3 Nf6 3.e5 Nd5 4.d4 cxd4 5.Nf3 e6 6.cxd4 b6 7.Nc3 Nxc3 8.bxc3 Qc7
9.Bd2 d6 10.Bd3 Nd7 11.Ng5 Bb7 12.O-O dxe5 13.Qh5 g6 14.Qh3 Bg7 15.Rae1 e4
16.Bxe4 Bxe4 17.Rxe4 Nf6 18.Rxe6+ Kf8 19.Qf3 Qd8 20.Rfe1 Rc8 21.Bf4 h6 22.Bd6+ Kg8
23.Nxf7 Kxf7 24.Be7  1-0

[Event "SLO-chT"]
[Site "?"]
[Date "1993.??.??"]
[Round "?"]
[White "Brunsek, Iztok"]
[Black "Kecic, Stevan"]
[Result "0-1"]
[WhiteElo "2030"]
[BlackElo "2255"]

1.e4 c5 2.c3 Nf6 3.e5 Nd5 4.d4 cxd4 5.Nf3 b6 6.cxd4 Ba6 7.Bxa6 Nxa6 8.O-O Nac7
9.Nc3 Nxc3 10.bxc3 e6 11.c4 d5 12.exd6 Bxd6 13.Qa4+ Qd7 14.Qxd7+ Kxd7 15.Be3 f6
16.a4 Rhc8 17.a5 b5 18.c5 Bf8 19.a6 Nd5 20.Rfb1 Rab8 21.h4 g6 22.g4 Bg7 23.Rb3 f5
24.gxf5 exf5 25.Rab1 Kc6 26.Kg2 Re8 27.Rd3 Bf6 28.Ng5 Re7 29.Kf3 h6 30.Nh3 Bxh4
31.Nf4 g5 32.Ng6 Re4 33.Ne5+ Kc7 34.Bd2 b4 35.Nf7 g4+ 36.Kg2 f4 37.Kg1 f3
38.Nd6 Re2 39.Be1 Nf4 40.Re3 Rxe3 41.fxe3 Bxe1 42.exf4 g3 43.Kf1 g2+ 44.Kg1 f2+  0-1

[Event "Sochi"]
[Site "Sochi"]
[Date "1993.??.??"]
[Round "?"]
[White "Berelovich, Aleksandar"]
[Black "Obukhov, Alexander"]
[Result "1-0"]
[WhiteElo "2510"]
[BlackElo "2490"]

1.e4 c5 2.c3 Nf6 3.e5 Nd5 4.d4 cxd4 5.Nf3 Nc6 6.Bc4 e6 7.cxd4 d6 8.O-O Be7
9.Qe2 O-O 10.Qe4 b6 11.Bd3 g6 12.Bh6 Re8 13.Nc3 Ncb4 14.Be2 Bb7 15.Nxd5 Bxd5
16.Qf4 Bxf3 17.Bxf3 d5 18.Be2 a6 19.Rfc1 Qd7 20.a3 Nc6 21.Rc3 Rec8 22.Rh3 Rc7
23.Bd3 Qd8 24.Re1 b5 25.Ree3 Rac8 26.Ref3 Bf8 27.g4 Nb8 28.Bg5 Qe8 29.Bf6 Nd7
30.Rxh7 Kxh7 31.Rh3+  1-0

[Event "St Ingbert op"]
[Site "St Ingbert"]
[Date "1993.??.??"]
[Round "7"]
[White "Pirrot, Dieter"]
[Black "Kuenzner, Franz"]
[Result "1-0"]
[WhiteElo "2400"]
[BlackElo "2300"]

1.e4 c5 2.c3 Nf6 3.e5 Nd5 4.d4 cxd4 5.Nf3 d6 6.Bc4 dxe5 7.Nxe5 e6 8.Qxd4 Qb6
9.Qe4 Nf6 10.Qe2 Nbd7 11.Nf3 Be7 12.O-O O-O 13.Bf4 Re8 14.a4 Nf8 15.a5 Qc5
16.Be5 Bd7 17.Nbd2 Ng6 18.b4 Qc8 19.a6 Nd5 20.Bxd5 exd5 21.Qd3 bxa6 22.Qxd5 Bc6
23.Qd4 Qb7 24.Rfe1 Nxe5 25.Nxe5 Bf6 26.Ndc4 Bxe5 27.Rxe5 Rxe5 28.Qxe5 Bxg2
29.Nd6 Qf3 30.Nf5 f6 31.Qe6+ Kh8 32.Re1 Qc6 33.Qf7  1-0

[Event "St Petersburg op"]
[Site "St Petersburg"]
[Date "1993.??.??"]
[Round "?"]
[White "Yagupov, Igor"]
[Black "Savchenko, Stanislav"]
[Result "1/2-1/2"]
[WhiteElo "2425"]
[BlackElo "2530"]

1.e4 c5 2.c3 Nf6 3.e5 Nd5 4.d4 cxd4 5.Nf3 Nc6 6.cxd4 d6 7.Bc4 Nb6 8.Bb3 dxe5
9.d5 Na5 10.Nc3 Nxb3 11.Qxb3 e6 12.Nxe5 Bd6 13.Qb5+ Ke7 14.dxe6 Bxe6 15.Bf4 Bxe5
16.Qxe5 f6 17.Qe4 Qd7 18.O-O Kf7 19.Rad1 Qc6 20.Qb1 Nc4 21.Ne2 Bg4 22.f3 Be6
23.b3 Na3 24.Qd3 Nc2 25.Bd6 g6 26.Rf2 Rhd8 27.Qd2 Ne3 28.Qxe3 Rxd6 29.Re1 Qb6
30.Qh6 Kg8 31.Ng3 f5 32.Kf1 Rad8 33.Rfe2 Bf7 34.Qg5 Qb5 35.h4 Rd1 36.h5 Rxe1+
37.Kxe1 Qb4+ 38.Kf2 Qc5+ 39.Kf1 Rd1+ 40.Re1 Rxe1+ 41.Kxe1 Qg1+ 42.Nf1 Qd4
43.h6 Kf8 44.Qc1 Ke7 45.Qc7+ Kf6 46.Qxb7 Qa1+ 47.Ke2 Qe5+ 48.Kd1 Qa1+  1/2-1/2

[Event "St Petersburg op"]
[Site "St Petersburg"]
[Date "1993.??.??"]
[Round "?"]
[White "Smagin, Sergey"]
[Black "Beshukov, Sergei"]
[Result "1-0"]
[WhiteElo "2550"]
[BlackElo "2445"]

1.e4 c5 2.c3 Nf6 3.e5 Nd5 4.d4 cxd4 5.Nf3 Nc6 6.Bc4 Nb6 7.Bb3 d5 8.exd6 Qxd6
9.O-O Be6 10.Na3 Bxb3 11.Qxb3 e6 12.Rd1 Be7 13.Be3 Qd5 14.Nxd4 Bxa3 15.bxa3 O-O
16.Nf3 Na5 17.Qb4 Nc6 18.Qb3 Na5 19.Qb1 Qc6 20.Ng5 f5 21.Re1 Rae8 22.Bxb6 axb6
23.Nf3 Nc4 24.Qb4 e5 25.Rad1 Re6 26.a4 Rc8 27.Qb5 h6 28.Rd5 Qxb5 29.axb5 Ra8
30.h4 Rxa2 31.Nxe5 Nxe5 32.Rexe5 Rxe5 33.Rxe5 Rc2 34.Re7 Rc1+ 35.Kh2 Rxc3
36.Rxb7 Rc4 37.Kh3 Rc3+ 38.f3 Rb3 39.Rxb6  1-0

[Event "St Petersburg op"]
[Site "St Petersburg"]
[Date "1993.??.??"]
[Round "?"]
[White "Smagin, Sergey"]
[Black "Kalegin, Evgenij"]
[Result "1/2-1/2"]
[WhiteElo "2550"]
[BlackElo "2445"]

1.e4 c5 2.c3 Nf6 3.e5 Nd5 4.d4 cxd4 5.Nf3 e6 6.cxd4 d6 7.Bc4 Be7 8.O-O O-O
9.Qe2 Nc6 10.Qe4 Re8 11.Re1 dxe5 12.dxe5 Na5 13.Bd3 g6 14.Bh6 Bd7 15.Nbd2 Bc6
16.Qg4 Nb4 17.Be4 Nd3 18.Bxd3 Qxd3 19.Bg5 Bxf3 20.Nxf3 Nc6 21.Bxe7 Nxe7 22.Ng5 h5
23.Qf4 Qf5 24.Qh4 Qg4 25.Qxg4 hxg4 26.Ne4 Nd5 27.Rac1 Red8 28.g3 Nb4 29.Rc7 Nd3
30.Re3 Nxe5 31.Nf6+ Kg7 32.Rxe5 Kxf6 33.Re4 g5 34.Rxg4 b6 35.h4 gxh4 36.Rxh4 Rd2
37.Rb4 e5 38.Kf1 Ke6 39.Ke1 Rd7 40.Rxd7 Kxd7 41.Ra4 Kc6 42.Ra3 f5 43.Ke2 a5
44.Rf3 Rf8 45.g4 f4 46.Rc3+ Kd5 47.Rd3+ Kc4 48.b3+ Kb4 49.Kf3 Rg8 50.Rd6 b5
51.Re6 Rg5 52.Rf6 Rg8 53.Rf5 Re8 54.Ke4 Ka3 55.Rxe5 Rb8 56.Kxf4 Kxa2 57.Re3 b4
58.g5 a4 59.bxa4 b3 60.Kg4 b2 61.Re1 b1=Q 62.Rxb1 Kxb1 63.g6 Kc2 64.Kg5 Kd3
65.g7 Rg8 66.Kg6 Ra8 67.a5 Ke4 68.Kh7 Ra7 69.a6 Kf5 70.Kh6 Rxa6+  1/2-1/2

[Event "St Petersburg op"]
[Site "St Petersburg"]
[Date "1993.??.??"]
[Round "?"]
[White "Smagin, Sergey"]
[Black "Muhutdinov, Marat"]
[Result "0-1"]
[WhiteElo "2550"]
[BlackElo "2485"]

1.e4 c5 2.c3 Nf6 3.e5 Nd5 4.d4 cxd4 5.Nf3 Nc6 6.Bc4 Nb6 7.Bb3 d6 8.exd6 Qxd6
9.O-O Be6 10.Na3 dxc3 11.Qe2 Bxb3 12.Nb5 Qb8 13.axb3 e5 14.Be3 cxb2 15.Qxb2 Nd7
16.Rfd1 Be7 17.Qc2 a6 18.Nc3 Nf6 19.Ng5 Nb4 20.Qf5 g6 21.Qf3 O-O 22.Rac1 a5
23.Nb5 Nc6 24.Bb6 Ra6 25.Be3 Kg7 26.h4 h5 27.g3 a4 28.bxa4 Rxa4 29.Rb1 Rd8
30.Nc3 Rxd1+ 31.Rxd1 Nd4 32.Bxd4 Rxd4 33.Rb1 b6 34.Nce4 b5 35.Ra1 b4 36.Ra6 Qd8
37.Ra7 Rd7 38.Qb3 Nd5 39.Ra6 Qc8 40.Ra1 Bxg5 41.hxg5 Nc3 42.Qxb4 Ne2+ 43.Kh2 Rd4
44.Qc5 Qxc5 45.Nxc5 Rg4 46.Re1 Nd4 47.Kg2 Rxg5 48.Ne4 Rf5 49.Nd6 Rf3 50.Rxe5 Rd3
51.Rd5 Nf3 52.Ra5 Nd2 53.Ne8+ Kh6 54.Ra4 Nb3 55.Ra7 Rd8 56.Nf6 Kg7 57.Ne4 Rd5
58.f4 Nd4 59.Ng5 Rf5 60.Rd7 Ne2 61.Kf3 Nc3 62.Ne4 Rd5 63.Nd6 Kf6 64.Rc7 Rd3+
65.Kg2 Ke6 66.Nxf7 Nd5 67.Ra7 Ne3+ 68.Kh3 Nf5 69.Ng5+ Kd6 70.Ra6+ Kd5 71.Rxg6 Rxg3+
72.Kh2 Rg4 73.Ra6 Rxf4 74.Ra5+ Kd6 75.Nh3 Rf1 76.Ng5 Ke7 77.Ra6 Rf4 78.Nh3 Rb4
79.Ng1 Rb2+ 80.Kh3 Rb3+ 81.Kh2 h4 82.Kg2 Nd4 83.Ra4 Rd3 84.Kf2 Kf6 85.Ra5 Rb3
86.Rh5 Rb2+ 87.Kf1 Nf5 88.Rh8 Kg7 89.Ra8 Kg6 90.Nf3 h3 91.Rh8 Ng3+ 92.Ke1 Nh5
93.Ra8 Kf5 94.Rf8+ Kg4 95.Ne5+ Kg5 96.Nf3+ Kg6 97.Rg8+ Kf6 98.Rh8 Kg6 99.Ne5+ Kg5
100.Nf3+ Kg4 101.Ne5+ Kh4 102.Nd3 h2  0-1

[Event "SWE-chT 9293"]
[Site "SWE"]
[Date "1993.??.??"]
[Round "8"]
[White "Brynell, Stellan"]
[Black "Cramling, Pia"]
[Result "0-1"]
[WhiteElo "2410"]
[BlackElo "2520"]

1.e4 c5 2.c3 Nf6 3.e5 Nd5 4.g3 d6 5.exd6 e6 6.Bg2 Bxd6 7.Ne2 Nc6 8.O-O O-O
9.Na3 Be7 10.d3 e5 11.Nc4 Be6 12.a4 Qd7 13.Bd2 Rad8 14.b3 f5 15.Ra2 Bf6 16.Rc2 Kh8
17.Re1 Qf7 18.Nc1 Rfe8 19.Qe2 Qc7 20.Qh5 g6 21.Qe2 Qg7 22.Ne3 Qd7 23.Nc4 Bf7
24.Qf1 Kg7 25.Qe2 Qc7 26.Qf1 b6 27.Qe2 a6 28.Qf1 b5 29.axb5 axb5 30.Ne3 Nde7
31.b4 cxb4 32.cxb4 Qd6 33.Rc5 Nd4 34.Nc2 Nxc2 35.Rxc2 Rc8 36.Rxc8 Rxc8 37.Rd1 Nc6
38.Qe1 Nd4 39.Qe3 Bd5 40.Ne2 Bxg2 41.Kxg2 Qd5+ 42.f3 Bg5 43.Qxg5 Qxf3+ 44.Kh3 Qxe2
45.Rc1 Re8 46.Qh4 Kg8 47.Bh6 Nf3  0-1

[Event "SWZ-chT"]
[Site "?"]
[Date "1993.??.??"]
[Round "?"]
[White "Erismann, Peter"]
[Black "Summermatter, Daniel"]
[Result "0-1"]
[WhiteElo "2250"]
[BlackElo "2335"]

1.e4 c5 2.c3 Nf6 3.e5 Nd5 4.d4 cxd4 5.Qxd4 e6 6.Nf3 Nc6 7.Qe4 b6 8.c4 f5
9.Qe2 Bb4+ 10.Bd2 Nf4 11.Qe3 Ng6 12.Bxb4 Nxb4 13.Nd4 Qh4 14.Na3 Qf4 15.Qxf4 Nxf4
16.Kd2 Ng6 17.Re1 Ke7 18.Nac2 Nxc2 19.Kxc2 Bb7 20.Rg1 Rhc8 21.g4 fxg4 22.Rxg4 Rf8
23.Bd3 Rxf2+ 24.Re2 Rf4 25.h3 Rxg4 26.hxg4 Nf4 27.Rh2 h6 28.Kd2 Rf8 29.Bc2 Ng2
30.Nb5 Rf2+ 31.Kc3 Rf3+ 32.Kd2 Rg3 33.Bd1 Ne3 34.Nd6 Nf1+  0-1

[Event "Tel Aviv ASA"]
[Site "Tel Aviv"]
[Date "1993.??.??"]
[Round "9"]
[White "Afek, Yochanan"]
[Black "Godes, Dmitry R"]
[Result "0-1"]
[WhiteElo "2430"]
[BlackElo "2430"]

1.e4 c5 2.c3 Nf6 3.e5 Nd5 4.Nf3 Nc7 5.d4 cxd4 6.cxd4 d5 7.Nc3 Nc6 8.Be3 g6
9.Qd2 Bg4 10.Be2 Bg7 11.h3 Bxf3 12.Bxf3 O-O 13.h4 f6 14.exf6 Rxf6 15.h5 Qd7
16.hxg6 hxg6 17.O-O-O Nb4 18.a3 a5 19.Bh6 Bh8 20.Qg5 Ne6 21.Qh4 Rc8 22.Kb1 Rxc3
23.Bd2 Bg7 24.Bxc3 Nc6 25.Qg3 b5 26.Bg4 Qb7 27.Qe3 Nf8 28.Bf3 e6 29.b3 b4
30.Bb2 bxa3 31.Bxa3 a4 32.Rd3 Na5 33.Bd1 axb3 34.Bxf8 Bxf8 35.Bxb3 Rf7 36.Qxe6 Nxb3
37.Qxg6+ Bg7 38.Kc2 Qc8+ 39.Rc3 Nxd4+ 40.Kd3  0-1

[Event "Timisoara zt-A (Women)"]
[Site "Timisoara"]
[Date "1993.??.??"]
[Round "5"]
[White "Peptan, Corina"]
[Black "Grabics, Monika"]
[Result "1/2-1/2"]
[WhiteElo "2355"]
[BlackElo "2185"]

1.e4 c5 2.c3 Nf6 3.e5 Nd5 4.d4 cxd4 5.Qxd4 e6 6.Nf3 Nc6 7.Qe4 d6 8.Nbd2 dxe5
9.Nxe5 Nxe5 10.Qxe5 Qd6 11.Qe4 Be7 12.Nc4 Qc7 13.Bd3 Bd7 14.O-O Bc6 15.Qe5 O-O-O
16.Qxc7+ Kxc7 17.Ne5 Be8 18.Be4 f6 19.Nf3 Bb5 20.Re1 e5 21.Bd2 Kb8 22.b3 Bc6
23.a3 Bd6 24.c4 Ne7 25.Bxc6 Nxc6 26.Bc3 Be7 27.b4 Rd3 28.Rac1 Rhd8 29.Kf1 Bf8
30.Re3 Rxe3 31.fxe3 Rd3 32.Ke2 e4 33.Nd2 f5 34.g4 g6 35.b5 Nd8 36.Be5+ Kc8
37.gxf5 Bxa3 38.Rf1 Bc5 39.Bd4 Bxd4 40.exd4 Rxd4 41.fxg6 hxg6 42.Rf4 Kc7
43.Rg4 Rd6 44.Nxe4 Re6 45.Kd3 a6 46.Kd4 axb5 47.cxb5 Nf7 48.Nc3 Nh6 49.Rf4 Nf5+
50.Kc5 Re5+ 51.Nd5+ Kd7 52.Kc4 Ke6 53.Nc3 g5 54.Rf2 Re3 55.Ra2 g4 56.Rg2 Re5
57.Ra2 Re1 58.Re2+ Rxe2 59.Nxe2 b6 60.Nc3 Ne3+ 61.Kd4 Nf1 62.Nd5 Nxh2 63.Nxb6 Nf1  1/2-1/2

[Event "Timisoara zt-A (Women)"]
[Site "Timisoara"]
[Date "1993.??.??"]
[Round "6"]
[White "Holoubkova, Martina"]
[Black "Grabics, Monika"]
[Result "1-0"]
[WhiteElo "2185"]
[BlackElo "2185"]

1.e4 c5 2.c3 Nf6 3.e5 Nd5 4.g3 d6 5.exd6 Qxd6 6.Bg2 Nc6 7.Ne2 Bg4 8.O-O e6
9.Na3 Be7 10.Nc4 Qd7 11.d3 O-O 12.Re1 b5 13.Bxd5 exd5 14.Ne3 Bf3 15.Qc2 Ne5
16.Nf4 g5 17.Neg2 f6 18.d4 cxd4 19.cxd4 Be4 20.Rxe4 Nf3+ 21.Kh1 dxe4 22.Qxe4 Nxd4
23.Ng6 Rfe8 24.Nxe7+ Qxe7 25.Qxd4 Qe2 26.Be3 Rad8 27.Qb4 Rd1+ 28.Rxd1 Qxd1+
29.Ne1 Qe2 30.Kg1 Rd8 31.Bd4 Rxd4 32.Qxd4 Qxe1+ 33.Kg2 Qe6 34.Qd8+ Kg7 35.Qc7+ Qf7
36.Qxf7+ Kxf7 37.Kf3 Ke6 38.Ke4 f5+ 39.Kd4 Kd6 40.f3 h6 41.b4 g4 42.fxg4 fxg4
43.Ke4 h5 44.Kd4 Kc7 45.Ke5 Kc6 46.Ke6 Kb6 47.Kf5 Kc6 48.Kg5 a5 49.bxa5 b4
50.Kxh5 Kb5 51.Kxg4 Kxa5 52.h4 Ka4 53.h5 Ka3 54.h6 Kxa2 55.h7 b3 56.h8=Q  1-0

[Event "SVK-ch"]
[Site "Topolcianky"]
[Date "1993.??.??"]
[Round "5"]
[White "Novak, Ivan"]
[Black "Priehoda, Vitezslav"]
[Result "1-0"]
[WhiteElo "2280"]
[BlackElo "2415"]

1.e4 c5 2.c3 Nf6 3.e5 Nd5 4.Nf3 Nc6 5.Bc4 Nb6 6.Bb3 d5 7.exd6 Qxd6 8.Na3 a6
9.O-O e6 10.Qe2 Be7 11.d4 cxd4 12.Rd1 Bf6 13.Nc2 O-O 14.Nfxd4 Nxd4 15.Nxd4 Qc7
16.Bc2 Nd5 17.Nf3 g6 18.Bh6 Bg7 19.Bxg7 Kxg7 20.Rd4 b5 21.c4 bxc4 22.Rxc4 Qe7
23.Qe5+ f6 24.Qg3 e5 25.Re1 Be6 26.Nd4 exd4 27.Rc6 Rfe8 28.Rcxe6 Qxe6 29.Rxe6 Rxe6
30.h4 Rc8 31.Bb3 Re5 32.Qg4 Ne7 33.Qxd4 Rc1+ 34.Kh2 Nf5 35.Qa7+ Re7 36.Qa8 Rf1
37.Qg8+ Kh6 38.Qf8+ Kh5 39.Qxf6 Kh6 40.Qf8+ Kh5 41.Qf6 Kh6 42.Be6 Rxe6 43.Qxe6 Rxf2
44.Qxa6 Rd2 45.Kg1 Rxb2 46.Qf6 Rxa2 47.g3 Nxh4 48.Qxh4+ Kg7 49.Qe7+ Kh6 50.Qe3+ Kg7
51.Qb6 Kh6  1-0

[Event "Velden op"]
[Site "Velden"]
[Date "1993.??.??"]
[Round "5"]
[White "Sermek, Drazen"]
[Black "Dimitrov, Vladimir"]
[Result "1-0"]
[WhiteElo "2495"]
[BlackElo "2460"]

1.e4 c5 2.c3 Nf6 3.e5 Nd5 4.d4 cxd4 5.Nf3 e6 6.cxd4 d6 7.Bc4 Nc6 8.O-O Be7
9.Qe2 O-O 10.Qe4 Qc7 11.Bd3 g6 12.Bh6 Rd8 13.Nbd2 dxe5 14.dxe5 Nb6 15.Rfe1 Nd7
16.Bf1 Nc5 17.Qf4 a5 18.Rac1 Nb4 19.Bg5 b6 20.Ne4 Nd5 21.Qh4 Ba6 22.Bxa6 Rxa6
23.Nf6+ Bxf6 24.Bxf6 Nxf6 25.exf6 Qd6 26.Ne5 h5 27.g4 hxg4 28.Rcd1  1-0

[Event "Vinkovci"]
[Site "Vinkovci"]
[Date "1993.??.??"]
[Round "7"]
[White "Palac, Mladen"]
[Black "Cvitan, Ognjen"]
[Result "1/2-1/2"]
[WhiteElo "2485"]
[BlackElo "2550"]

1.e4 c5 2.c3 Nf6 3.e5 Nd5 4.d4 cxd4 5.Bc4 Qc7 6.Qe2 Nb6 7.Bb3 d3 8.Qe4 Na6
9.Be3 e6 10.Nf3 Nc5  1/2-1/2

[Event "Warsaw op"]
[Site "Warsaw"]
[Date "1993.??.??"]
[Round "1"]
[White "Lada, Marek"]
[Black "Nurkiewicz, Maciej"]
[Result "0-1"]
[WhiteElo "2255"]
[BlackElo "2125"]

1.e4 c5 2.c3 Nf6 3.e5 Nd5 4.g3 e6 5.Bg2 Nc6 6.Nf3 Qc7 7.d4 cxd4 8.cxd4 Ncb4
9.O-O Nc2 10.Ng5 h6 11.Nc3 Nxa1 12.Nxd5 exd5 13.Nxf7 Kxf7 14.Bxd5+ Ke7 15.Qf3 Nc2
16.Bxh6 d6 17.Bf4 Kd8 18.exd6 Bxd6 19.Bg5+ Be7 20.Bf4 Qb6 21.Rc1 Nxd4 22.Qd1 Qxb2
23.Bf7 Bf6 24.Rc5 Qe2 25.Bc7+ Ke7  0-1

[Event "Warsaw op"]
[Site "Warsaw"]
[Date "1993.??.??"]
[Round "8"]
[White "Rudolf, Michal"]
[Black "Veselovsky, Sergey"]
[Result "0-1"]
[WhiteElo "2230"]
[BlackElo "2420"]

1.e4 c5 2.c3 Nf6 3.e5 Nd5 4.d4 cxd4 5.cxd4 b6 6.Nf3 Bb7 7.Nc3 e6 8.Bd3 Be7
9.Nxd5 Bxd5 10.O-O Nc6 11.Be3 O-O 12.Nd2 f5 13.exf6 Bxf6 14.Qg4 Nb4 15.Bb1 Rc8
16.Ne4 Nc2 17.Bxc2 Rxc2 18.Nc3 Bc4 19.Rfb1 Bd3 20.Qd1 Bg6 21.Rc1 Rxb2 22.Qa4 Bg5
23.Bxg5 Rfxf2  0-1

[Event "Werfen op"]
[Site "Werfen"]
[Date "1993.??.??"]
[Round "4"]
[White "Klinger, Josef"]
[Black "Krakops, Maris"]
[Result "1-0"]
[WhiteElo "2435"]
[BlackElo "2230"]

1.e4 c5 2.c3 Nf6 3.e5 Nd5 4.g3 Nc6 5.Bg2 e6 6.Nf3 Qc7 7.Qe2 d6 8.exd6 Bxd6
9.Na3 Be7 10.O-O a6 11.Nc2 O-O 12.d4 cxd4 13.Ncxd4 Nxd4 14.Nxd4 Bf6 15.Nb3 Bd7
16.c4 Nb6 17.Na5 Nxc4 18.Nxb7 Rac8 19.Rb1 Na5 20.Qxa6 Nc6 21.Be3 Ra8 22.Qb6 Qxb6
23.Bxb6 Rfb8 24.Rfc1 Rxb7 25.Bxc6 Bxc6 26.Rxc6 h6 27.b4 Rxa2 28.b5 Rb2 29.Rxb2 Bxb2
30.Kf1 Ba3 31.Ke2 Kf8 32.Kd3 Ke7 33.Kc4 Kd7 34.Bd4 f6 35.Bc5 Bxc5 36.Kxc5 Rc7
37.Rxc7+ Kxc7 38.b6+ Kb7 39.Kd6 e5 40.Ke6 h5 41.Kf7  1-0

[Event "Wijk op"]
[Site "Wijk aan Zee"]
[Date "1993.??.??"]
[Round "8"]
[White "Van der Werf, Mark"]
[Black "Har Zvi, Ronen"]
[Result "0-1"]
[WhiteElo "2395"]
[BlackElo "2485"]

1.e4 c5 2.c3 Nf6 3.e5 Nd5 4.d4 cxd4 5.Nf3 Nc6 6.Bc4 Nb6 7.Bb3 d5 8.exd6 Qxd6
9.O-O Be6 10.Bxe6 Qxe6 11.Nxd4 Nxd4 12.Qxd4 Rd8 13.Qh4 Qe2 14.Be3 Qxb2 15.Nd2 Rxd2
16.Bxd2 Qxd2 17.a4 Qh6 18.Qg3 Qc6 19.Rfd1 g6 20.Rab1 Nd7 21.Rd3 f6 22.Rbd1 Ne5
23.Rd8+ Kf7 24.f4 Nc4 25.Qh3 Qb6+ 26.R8d4 f5 27.a5 Qc5 28.Kh1 Bg7 29.Rd7 Nxa5
30.Qd3 Bf6 31.Rd5 Qc7 32.Qb5 b6 33.Qe2 Qxf4 34.h3 Nc4 35.R5d4 Bxd4 36.Rxd4 Qc1+
37.Rd1  0-1